| 000 | 00650nam a2200193 a 4500 | ||
|---|---|---|---|
| 005 | 20210223122503.0 | ||
| 008 | 991125n1963 mx 000 0 spa u | ||
| 035 | _aUPN01000036369 | ||
| 049 | _aCG | ||
| 050 | 4 |
_aJF1501 _bM6.5 |
|
| 110 | 1 |
_aMéxico. _bDepartamento del Distrito Federal _928108 |
|
| 245 | 1 | 0 |
_aManual de formulación y trámite de movimientos de nómina / _cDepartamento del Distrito Federal. |
| 260 |
_aMéxico : _bDDF, _c[1963]. |
||
| 300 | _a86 p. | ||
| 500 | _aDisponible en la Colección Medina | ||
| 650 | 4 |
_aADMINISTRACION PUBLICA - _vMANUALES _9654 |
|
| 650 | 4 |
_aADMINISTRACION PUBLICA - _xINVESTIGACION _9653 |
|
| 905 | _aLibro | ||
| 999 |
_c36369 _d36369 |
||